A Time Bomb Lies Buried (Record no. 350975)
[ view plain ]
| 000 -LEADER | |
|---|---|
| fixed length control field | 00600nam a2200145Ia 4500 |
| 008 - FIXED-LENGTH DATA ELEMENTS--GENERAL INFORMATION | |
| fixed length control field | 171212s9999 xx 000 0 und d |
| 020 ## - INTERNATIONAL STANDARD BOOK NUMBER | |
| International Standard Book Number | 9781921313608 |
| 100 ## - MAIN ENTRY--PERSONAL NAME | |
| Personal name | Lal, Brij V. |
| 245 ## - TITLE STATEMENT | |
| Statement of responsibility, etc | Lal, Brij V. |
| Title | A Time Bomb Lies Buried |
| Remainder of title | Fiji's Road to Independence, 1960-1970 |
| 260 ## - PUBLICATION, DISTRIBUTION, ETC. (IMPRINT) | |
| Name of publisher, distributor, etc | ANU E Press |
| Date of publication, distribution, etc | 2008 |
| 440 ## - SERIES STATEMENT/ADDED ENTRY--TITLE | |
| Title | State, Society and Governance in Melanesia |
| 650 ## - SUBJECT ADDED ENTRY--TOPICAL TERM | |
| Topical term or geographic name as entry element | Fiji -- History -- Autonomy and independence movements; Fiji -- Politics and government -- 20th century; Fiji -- History -- 20th century |
| 650 ## - SUBJECT ADDED ENTRY--TOPICAL TERM | |
| Topical term or geographic name as entry element | Political Science |
| 856 ## - ELECTRONIC LOCATION AND ACCESS | |
| Uniform Resource Identifier | <a href="www.jstor.org/stable/10.2307/j.ctt24h3qt">www.jstor.org/stable/10.2307/j.ctt24h3qt</a> |
| Withdrawn status | Lost status | Damaged status | Home library | Current library | Date acquired | Total Checkouts | Date last seen | Price effective from | Koha item type |
|---|---|---|---|---|---|---|---|---|---|
| College Library | College Library | 12/12/2017 | 12/12/2017 | 12/12/2017 | Curriculum - Based eBooks |